header

Essays on David Hume, medical men and the Scottish Enlightenment (Record no. 5503)

MARC details
000 -LEADER
fixed length control field 01456nam a2200349Ia 4500
001 - CONTROL NUMBER
control field ebr10276605
003 - CONTROL NUMBER IDENTIFIER
control field CaPaEBR
006 - FIXED-LENGTH DATA ELEMENTS--ADDITIONAL MATERIAL CHARACTERISTICS--GENERAL INFORMATION
fixed length control field m u
007 - PHYSICAL DESCRIPTION FIXED FIELD--GENERAL INFORMATION
fixed length control field cr cn|||||||||
008 - FIXED-LENGTH DATA ELEMENTS--GENERAL INFORMATION
fixed length control field 080828s2008 enk sb 001 0 eng d
010 ## - LIBRARY OF CONGRESS CONTROL NUMBER
Canceled/invalid LC control number 2008037959
020 ## - INTERNATIONAL STANDARD BOOK NUMBER
Cancelled/invalid ISBN 9780754666288
Cancelled/invalid ISBN 075466628X
040 ## - CATALOGING SOURCE
Original cataloging agency CaPaEBR
Transcribing agency CaPaEBR
035 ## - SYSTEM CONTROL NUMBER
System control number (OCoLC)608623427
050 14 - LIBRARY OF CONGRESS CALL NUMBER
Classification number B1402.E55
Item number E44 2008eb
100 1# - MAIN ENTRY--PERSONAL NAME
Personal name Emerson, Roger L.
245 10 - TITLE STATEMENT
Title Essays on David Hume, medical men and the Scottish Enlightenment
Medium [electronic resource] :
Remainder of title industry, knowledge and humanity /
Statement of responsibility, etc Roger L. Emerson.
260 ## - PUBLICATION, DISTRIBUTION, ETC. (IMPRINT)
Place of publication, distribution, etc Farnham, England ;
-- Burlington, VT :
Name of publisher, distributor, etc Ashgate,
Date of publication, distribution, etc c2008.
300 ## - PHYSICAL DESCRIPTION
Extent xvi, 295 p.
490 1# - SERIES STATEMENT
Series statement Science, technology, and culture, 1700-1945
504 ## - BIBLIOGRAPHY, ETC. NOTE
Bibliography, etc Includes bibliographical references (p. [249]-278) and index.
533 ## - REPRODUCTION NOTE
Type of reproduction Electronic reproduction.
Place of reproduction Palo Alto, Calif. :
Agency responsible for reproduction ebrary,
Date of reproduction 2011.
Note about reproduction Available via World Wide Web.
-- Access may be limited to ebrary affiliated libraries.
600 10 - SUBJECT ADDED ENTRY--PERSONAL NAME
Personal name Hume, David,
Dates associated with a name 1711-1776.
650 #0 - SUBJECT ADDED ENTRY--TOPICAL TERM
Topical term or geographic name as entry element Philosophy, Scottish
Chronological subdivision 18th century.
Topical term or geographic name as entry element Enlightenment
Geographic subdivision Scotland.
651 #0 - SUBJECT ADDED ENTRY--GEOGRAPHIC NAME
Geographic name Scotland
General subdivision Intellectual life
Chronological subdivision 18th century.
655 #7 - INDEX TERM--GENRE/FORM
Genre/form data or focus term Electronic books.
Source of term local
710 2# - ADDED ENTRY--CORPORATE NAME
Corporate name or jurisdiction name as entry element ebrary, Inc.
830 #0 - SERIES ADDED ENTRY--UNIFORM TITLE
Uniform title Science, technology, and culture, 1700-1945.
856 40 - ELECTRONIC LOCATION AND ACCESS
Uniform Resource Identifier <a href="http://site.ebrary.com/lib/rucke/Doc?id=10276605">http://site.ebrary.com/lib/rucke/Doc?id=10276605</a>
Public note An electronic book accessible through the World Wide Web; click to view

No items available.

© 2026 Rongo University
Contact us: librarian | system librarian | Rongo university